Minőségbiztosítás az egészségügyben a Mezőkövesdi Reuma Szakkórház betegelégedettségi vizsgálatai alapján

Elmentve itt :
Bibliográfiai részletek
Szerző: Kovács Lajos
További közreműködők: Fecske Mihály (Témavezető)
Dokumentumtípus: Szakdolgozat
Megjelent: 2002
Tárgyszavak:
Online Access:http://diploma.bibl.u-szeged.hu/4472
LEADER 00652nta a2200157 i 4500
001 dipl4472
005 20130314073513.0
008 110627s2002 hu om 0|| zxx d
040 |a SZTE Diploma Repozitórium  |b hun 
041 |a zxx 
100 1 |a Kovács Lajos 
245 1 0 |a Minőségbiztosítás az egészségügyben a Mezőkövesdi Reuma Szakkórház betegelégedettségi vizsgálatai alapján   |h [elektronikus dokumentum] /  |c Dr. Lajos Kovács  
260 |c 2002 
650 4 |a Gazdaságtudományok 
700 1 |a Fecske Mihály  |e ths 
856 4 0 |u http://diploma.bibl.u-szeged.hu/id/eprint/4472/1/Microsoft_Word_-_dr._Kov%C3%A1cs_Lajos_szakdolgozat.pdf  |z Dokumentum-elérés